[Event "CZE-chT2F 1920"]
[Site "Czech Republic"]
[Date "2020.01.26"]
[Round "7.7"]
[White "Fojtik, Vlastislav"]
[Black "Ovesny, Radim"]
[Result "0-1"]
[WhiteElo "2004"]
[BlackElo "1970"]
[PlyCount "112"]
[EventDate "2019.10.13"]
[EventType "team-tourn"]
[EventRounds "11"]
[EventCountry "CZE"]
[SourceTitle "EXT 2024"]
[Source "ChessBase"]
[SourceDate "2023.10.10"]
[SourceVersion "1"]
[SourceVersionDate "2023.10.10"]
[SourceQuality "1"]
[WhiteTeam "Vrbno pod Pradedem"]
[BlackTeam "Havirov Slovan"]
[WhiteTeamCountry "CZE"]
[BlackTeamCountry "CZE"]

1. e4 e5 2. d4 exd4 3. Bc4 Nc6 4. Nf3 d6 5. Nxd4 Bd7 6. 0-0 Nf6 7. Nc3 Be7 8. h3 0-0 9. Be3 Nxd4 10. Qxd4 Be6 11. Rad1 Bxc4 12. Qxc4 Nd7 13. f4 c6 14. Rd2 Nb6 15. Qb3 Qc7 16. Rfd1 Rad8 17. a4 Nd7 18. Qc4 Nb6 19. Qe2 Bf6 20. Bd4 Bxd4+ 21. Rxd4 Rfe8 22. Qd3 Nc8 23. b4 Re6 24. f5 Re5 25. Qg3 f6 26. Qd3 Rde8 27. Rc4 Nb6 28. Rd4 Nc8 29. a5 Qe7 30. Rd2 Kf8 31. g4 Qc7 32. Rg2 c5 33. Nd5 Qd8 34. Rc4 b5 35. axb6 Nxb6 36. Nxb6 Qxb6 37. bxc5 Rxc5 38. Kh2 Rxc4 39. Qxc4 Qc5 40. Qd3 a5 41. Rd2 Rc8 42. Kg2 a4 43. Qa6 Qc6 44. Qd3 Ke7 45. Kf3 Qc3 46. Ke2 Rc6 47. Qd5 a3 48. Qe6+ Kf8 49. Qd7 Qc4+ 50. Kf2 Qc5+ 51. Ke2 Qb6 52. g5 Qc7 53. Qe6 fxg5 54. f6 Qf7 55. Qxf7+ Kxf7 56. fxg7 a2 0-1

[Event "CZE-chT2F 1819"]
[Site "Czech Republic"]
[Date "2019.03.31"]
[Round "11.4"]
[White "Chrostek, Lukas"]
[Black "Fojtik, Vlastislav"]
[Result "0-1"]
[WhiteElo "1902"]
[BlackElo "2005"]
[PlyCount "74"]
[EventDate "2018.10.14"]
[EventType "team-tourn"]
[EventRounds "11"]
[EventCountry "CZE"]
[SourceTitle "EXT 2022"]
[Source "ChessBase"]
[SourceDate "2021.10.06"]
[SourceVersion "1"]
[SourceVersionDate "2021.10.06"]
[SourceQuality "1"]
[WhiteTeam "Poruba Slavoj III"]
[BlackTeam "Vrbno pod Pradedem"]
[WhiteTeamCountry "CZE"]
[BlackTeamCountry "CZE"]

1. c4 Nf6 2. g3 d6 3. Bg2 g6 4. d4 Bg7 5. Nc3 0-0 6. Bg5 c6 7. Qd2 Nbd7 8. Nf3 Re8 9. 0-0 e5 10. d5 c5 11. e4 a6 12. a4 Qe7 13. h3 Qf8 14. Qc2 Nh5 15. Qb3 f6 16. Bd2 Re7 17. a5 Rf7 18. Na4 Qd8 19. Rfc1 Bf8 20. h4 Ng7 21. Bh3 Rb8 22. Bh6 b5 23. cxb5 Rxb5 24. Qa2 Nb8 25. Bf1 Rb4 26. Bd3 Rbb7 27. Nb6 Bg4 28. Nd2 g5 29. f3 Bd7 30. Nxd7 Qxd7 31. hxg5 Qh3 32. g4 Qg3+ 33. Kh1 fxg5 34. Bxg5 Rxf3 35. Nxf3 Qxf3+ 36. Kh2 Qxd3 37. Rab1 Rb3 0-1

[Event "CZE-chT2F 1718"]
[Site "Czech Republic"]
[Date "2017.10.15"]
[Round "1.6"]
[White "Fojtik, Vlastislav"]
[Black "Kaminsky, Rudolf"]
[Result "1/2-1/2"]
[WhiteElo "2037"]
[BlackElo "2085"]
[PlyCount "39"]
[EventDate "2017.10.15"]
[EventType "team-tourn"]
[EventRounds "11"]
[EventCountry "CZE"]
[SourceTitle "EXT 2022"]
[Source "ChessBase"]
[SourceDate "2021.10.06"]
[SourceVersion "1"]
[SourceVersionDate "2021.10.06"]
[SourceQuality "1"]
[WhiteTeam "Vrbno pod Pradedem"]
[BlackTeam "Havirov Slovan"]
[WhiteTeamCountry "CZE"]
[BlackTeamCountry "CZE"]

1. e4 c6 2. Nc3 d5 3. d3 dxe4 4. Nxe4 Nd7 5. Qe2 Ndf6 6. g3 Bf5 7. Bg2 e6 8. Nf3 h6 9. 0-0 Be7 10. Bd2 Nd5 11. c4 Nc7 12. Bc3 Nf6 13. Rad1 0-0 14. b4 Qc8 15. Nxf6+ Bxf6 16. Bxf6 gxf6 17. Nh4 Bg6 18. f4 f5 19. Rfe1 a5 20. a3 1/2-1/2

[Event "CZE-chT2F 1617"]
[Site "Czech Republic"]
[Date "2017.04.02"]
[Round "11.6"]
[White "Havelka, Ondrej"]
[Black "Fojtik, Vlastislav"]
[Result "1-0"]
[WhiteElo "2041"]
[BlackElo "2073"]
[PlyCount "43"]
[EventDate "2016.10.09"]
[EventType "team-tourn"]
[EventRounds "11"]
[EventCountry "CZE"]
[SourceTitle "EXT 2022"]
[Source "ChessBase"]
[SourceDate "2021.10.06"]
[SourceVersion "1"]
[SourceVersionDate "2021.10.06"]
[SourceQuality "1"]
[WhiteTeam "Dobra"]
[BlackTeam "Vrbno pod Pradedem"]
[WhiteTeamCountry "CZE"]
[BlackTeamCountry "CZE"]

1. d4 c5 2. d5 e5 3. e4 d6 4. Nc3 g6 5. Bb5+ Bd7 6. Nge2 a6 7. Bxd7+ Nxd7 8. 0-0 Bg7 9. a4 Ngf6 10. f3 0-0 11. g4 h5 12. h3 Nh7 13. gxh5 gxh5 14. Ng3 Kh8 15. Kh2 Ndf6 16. Be3 Rg8 17. Qd2 Qd7 18. Nf5 Bf8 19. Rg1 Rxg1 20. Rxg1 Be7 21. Bh6 Bf8 22. Qg2 1-0

[Event "CZE-chT2F 1617"]
[Site "Czech Republic"]
[Date "2017.03.19"]
[Round "10.6"]
[White "Fojtik, Vlastislav"]
[Black "Canibal, Jaromir"]
[Result "1-0"]
[WhiteElo "2073"]
[BlackElo "1761"]
[PlyCount "59"]
[EventDate "2016.10.09"]
[EventType "team-tourn"]
[EventRounds "11"]
[EventCountry "CZE"]
[SourceTitle "EXT 2022"]
[Source "ChessBase"]
[SourceDate "2021.10.06"]
[SourceVersion "1"]
[SourceVersionDate "2021.10.06"]
[SourceQuality "1"]
[WhiteTeam "Vrbno pod Pradedem"]
[BlackTeam "Karvina"]
[WhiteTeamCountry "CZE"]
[BlackTeamCountry "CZE"]

1. e4 e5 2. d4 exd4 3. Bc4 d6 4. Qxd4 Nc6 5. Qe3 Nf6 6. Nc3 Be7 7. h3 Be6 8. Be2 a6 9. Nf3 0-0 10. 0-0 h6 11. a3 Qc8 12. Bd2 Re8 13. Rad1 Bf8 14. Rfe1 g5 15. Nh2 Bg7 16. Qg3 Nh7 17. f4 gxf4 18. Bxf4 Kh8 19. Qe3 Rg8 20. Kh1 Be5 21. Bxe5+ Nxe5 22. Qxh6 Rg3 23. Rg1 Qg8 24. Nd5 Rg6 25. Qh4 Qg7 26. Nxc7 Rc8 27. Nxe6 fxe6 28. c3 Rg3 29. Rxd6 Rg8 30. Bg4 1-0

[Event "CZE-chT2F 1617"]
[Site "Czech Republic"]
[Date "2017.01.29"]
[Round "7.7"]
[White "Fojtik, Vlastislav"]
[Black "Novak, Jiri1111"]
[Result "0-1"]
[WhiteElo "2073"]
[BlackElo "1957"]
[PlyCount "50"]
[EventDate "2016.10.09"]
[EventType "team-tourn"]
[EventRounds "11"]
[EventCountry "CZE"]
[SourceTitle "EXT 2022"]
[Source "ChessBase"]
[SourceDate "2021.10.06"]
[SourceVersion "1"]
[SourceVersionDate "2021.10.06"]
[SourceQuality "1"]
[WhiteTeam "Vrbno pod Pradedem"]
[BlackTeam "Orlova Slavia"]
[WhiteTeamCountry "CZE"]
[BlackTeamCountry "CZE"]

1. e4 e5 2. d4 exd4 3. Bc4 Nc6 4. Nf3 Nf6 5. 0-0 d6 6. Nxd4 Nxd4 7. Qxd4 Be7 8. Nc3 0-0 9. h3 Nd7 10. Be3 Bf6 11. Qd2 Ne5 12. Be2 Be6 13. b3 Re8 14. f4 Nc6 15. Rad1 Qe7 16. g4 Rad8 17. f5 Bxc3 18. Qxc3 Bc8 19. Rf4 d5 20. Bb5 d4 21. Bxd4 Nxd4 22. Rxd4 Rxd4 23. Qxd4 Rd8 24. Qe3 Qe5 25. Rf1 Qxb5 0-1

[Event "CZE-chT2F 1617"]
[Site "Czech Republic"]
[Date "2016.10.09"]
[Round "1.6"]
[White "Vicenec, Roman"]
[Black "Fojtik, Vlastislav"]
[Result "1/2-1/2"]
[WhiteElo "2022"]
[BlackElo "2073"]
[PlyCount "50"]
[EventDate "2016.10.09"]
[EventType "team-tourn"]
[EventRounds "11"]
[EventCountry "CZE"]
[SourceTitle "EXT 2022"]
[Source "ChessBase"]
[SourceDate "2021.10.06"]
[SourceVersion "1"]
[SourceVersionDate "2021.10.06"]
[SourceQuality "1"]
[WhiteTeam "Velke Losiny"]
[BlackTeam "Vrbno pod Pradedem"]
[WhiteTeamCountry "CZE"]
[BlackTeamCountry "CZE"]

1. e4 d6 2. d4 Nf6 3. Nc3 c6 4. Nf3 g6 5. Bd3 Bg7 6. 0-0 0-0 7. h3 Re8 8. Be3 e5 9. dxe5 dxe5 10. Qe2 Qc7 11. a4 Nh5 12. Bc4 Nf4 13. Bxf4 exf4 14. Rfd1 Nd7 15. Qd2 h6 16. Re1 Nf8 17. Rad1 Be6 18. Bb3 Rad8 19. Qc1 Rxd1 20. Qxd1 Bxb3 21. cxb3 Qa5 22. Qc2 Ne6 23. Rd1 Rd8 24. Rxd8+ Qxd8 25. Ne2 Qb6 1/2-1/2